=LDR 00000nam 2200000 4500 =001 INLIS000000000015043 =005 20130612110326 =008 ***********************************Ind** =035 ##$$0010-061300000015043 =041 ##$$a Ind =082 ##$$a 635.41 =090 ##$$a 635.41, Ban b =100 ##$$a Bandini Yusni =245 ##$$a bayon, Yusni Bandini, Nurdin Azis =260 ##$$a 1997 $b jakarta =300 ##$$a viii,71 Hlm, Ilus, 21 Cm =650 ##$$a bayam =700 ##$$a Azis, Nurudin =850 ##$$a NBPNMAT